[Event "Mittelfranken-ch Nord"]
[Site "Roethenbach"]
[Date "1996.??.??"]
[Round "1"]
[White "Blunk, Dieter"]
[Black "Bonaventura, Stefan"]
[Result "1-0"]
[WhiteElo "1900"]
[BlackElo "1650"]
[PlyCount "87"]
[EventDate "1996.??.??"]
[EventType "swiss"]
[EventRounds "7"]
[EventCountry "GER"]
[SourceTitle "EXT 2004"]
[Source "ChessBase"]
[SourceDate "2003.11.25"]
[SourceVersion "1"]
[SourceVersionDate "2003.11.25"]
[SourceQuality "1"]

1. e4 e5 2. Bc4 Bc5 3. Nf3 Nc6 4. d3 Nf6 5. Nc3 0-0 6. 0-0 a6 7. Nd5 h6 8. Be3 Bxe3 9. fxe3 d6 10. Nxf6+ Qxf6 11. Nd4 Qg5 12. Nf5 Bxf5 13. Rxf5 Qxe3+ 14. Kh1 Nd4 15. Rf1 b5 16. Bb3 Rae8 17. c3 Nxb3 18. axb3 Qb6 19. b4 Re6 20. Qb3 c6 21. Rxf7 Kxf7 22. Rf1+ Ke7 23. Rxf8 Kxf8 24. Qxe6 Qd8 25. g3 Qc7 26. d4 exd4 27. cxd4 Qd8 28. Kg2 Qe7 29. Qc8+ Qe8 30. Qxe8+ Kxe8 31. Kf3 Kf7 32. Kf4 Ke6 33. h4 g6 34. g4 Kf6 35. e5+ Ke6 36. Ke4 Kd7 37. h5 gxh5 38. gxh5 Ke6 39. Kf4 d5 40. Kg4 Ke7 41. Kf5 Kf7 42. e6+ Ke7 43. Ke5 Ke8 44. Kf6 1-0